| 000 | 00600nam a2200205Ia 4500 | ||
|---|---|---|---|
| 001 | 15868 | ||
| 003 | GE_BSU | ||
| 008 | 181216s||||||||xx |||||||||||||| ||und|| | ||
| 040 | _cGE_BSU | ||
| 080 | _a821.353.1-11 | ||
| 100 | _aჭელიძე, ოთარ | ||
| 245 | _aპოემები | ||
| 245 | _cრედ.ირ.არაბული.. მხატვ.ირ.ჯანაშვილი | ||
| 260 | _aთბილისი | ||
| 260 | _bსახელგამი | ||
| 260 | _c1955 | ||
| 300 | _a148გვ. : ილ. ; 21სმ | ||
| 653 | _aპოემები | ||
| 942 | _cBK | ||
| 999 |
_c48965 _d48965 |
||